Una didáctica fundada en la psicología de Jean Piaget

Uloženo v:
Podrobná bibliografie
Hlavní autor: Aebli, Hans (Autor)
Médium: Kniha
Jazyk:španělština
Vydáno: Buenos Aires Kapelusz 1973
Vydání:1a. ed
Edice:Biblioteca de Cultura Pedagógica, 54
Témata:
Tagy: Přidat tag
Žádné tagy, Buďte první, kdo vytvoří štítek k tomuto záznamu!

MARC

LEADER 00000nam a2200000 a 4500
001 UCH9607
003 CL-VaPUC
008 100114e19731100AG |||||||||||||||||spa|d
082 0 4 |a 370.15  |b AEB  |2 21 
100 0 |a Aebli, Hans  |e author  |9 546770 
245 1 4 |a Una didáctica fundada en la psicología de Jean Piaget 
250 |a 1a. ed 
300 |a 208 p 
942 |c BK 
945 |d 20100114 00:00:00  |a dcastane 
260 |a Buenos Aires  |b Kapelusz  |c 1973 
600 0 7 |a PIAGET, JEAN  |2 CL-VaPUC  |9 308149 
650 0 |a Psicología del aprendizaje  |9 306854 
583 |a last modification  |c 20100114 00:00:00  |k Rodrigo Vera 
490 0 |a Biblioteca de Cultura Pedagógica, 54 
999 |c 339528  |d 339526